000 006380000a22001810004500
003 MACL
005 20160424170756.0
008 160424b xxu||||| |||| 00| 0 eng d
040 _aMACL
_cMACL
041 _aHindi
082 _a800
100 _aडॉ शक्तिदान कविया
_953969
245 _aराजस्‍थानी काव्‍य में सांस्‍कृतिक गौरव
260 _bमहाराजा मानसिंह पुस्‍तक प्रकाश
_c2004
_aजोधपुर
350 _a350
650 _aLiteracture
_953970
942 _cHIN
_k800/KAV/L
_2ddc
999 _c18102
_d18102